000 00907cam a22002651 4500
999 _c128308
_d128308
001 7480511
003 ARRUPE
005 20181003110209.0
008 711209s1959 enkabcj b 000 0 eng
010 _a 59000799
015 _aGB59-884
035 _a(OCoLC)180738
040 _aDLC
_cOAU
_dNBrockU
_dUk
_dDLC
042 _apremarc
050 0 0 _aDT443
_b.W5
082 _a572.96782
100 1 _aWilson, Monica Hunter.
_939621
245 1 0 _aCommunal rituals of the Nyakyusa.
_cMonica Wilson
260 _aLondon,
_aNew York,
_bPublished for the International African Institute by the Oxford University Press,
_c1959.
300 _a228 p. ;
_billus., ports., maps, geneal. tables, plan.
_c23 cm.
504 _aBibliographical footnotes.
650 0 _aNyakyusa (African people)
_942742
906 _a7
_bcbc
_coclcrpl
_du
_encip
_f19
_gy-gencatlg
942 _2lcc
_cMONOGRAPH